The picture of Dorian Gray

Gardado en:
Detalles Bibliográficos
Autor Principal: Wilde, Oscar 1854-1900 (Author)
Formato: Libro
Idioma:inglés
Publicado: Harmondsworth Penguin Books 1949
Subjects:
Tags: Engadir etiqueta
Sen Etiquetas, Sexa o primeiro en etiquetar este rexistro!

MARC

LEADER 00000nam a2200000 a 4500
001 UCR9987
003 CL-VaPUC
008 980619e19490000uk |||||||||||||||||eng|d
082 0 4 |a 823  |b WIL  |2 21 
100 |a Wilde, Oscar  |d 1854-1900  |e author  |9 347444 
245 1 4 |a The picture of Dorian Gray 
300 |a 247 p 
942 |c BK 
945 |d 19980619 00:00:00  |a crobeson 
260 |a Harmondsworth  |b Penguin Books  |c 1949 
650 0 |a Novelas inglesas  |9 265220 
650 0 |a Literatura inglesa  |9 312907 
583 |a last modification  |c 20171204 04:07:00  |k Rodrigo Vera 
999 |c 271157  |d 271155 
952 |0 0  |1 0  |4 0  |6 823_000000000000000_WIL_1949  |7 0  |8 A  |9 305700  |a BIBEDU  |b BIBEDU  |d 2019-11-20  |i 1423002  |o 823 WIL 1949  |p 1423002  |r 2019-11-20  |w 2019-11-20  |y BK  |k LIT